000 01259cam a22003134a 4500
001 11835686
003 OSt
005 20210920173735.0
008 991104s2001 nyua b 001 0 eng
010 _a 99057472
020 _a0471316490 (cloth : alk. paper)
040 _aDLC
_cDLC
_dDLC
042 _apcc
050 0 0 _aQA279
_b.M66 2001
082 0 0 _a001.4/34
_221
100 1 _aMontgomery, Douglas C.
_95318
245 1 0 _aDesign and analysis of experiments /
_cDouglas C. Montgomery.
250 _a5th ed.
260 _aNew York :
_bJohn Wiley,
_c2001.
300 _axii, 684 p. :
_bill. ;
_c26 cm.
504 _aIncludes bibliographical references and index.
650 0 _aExperimental design.
_92704
856 4 2 _3Publisher description
_uhttp://www.loc.gov/catdir/description/wiley034/99057472.html
856 4 _3Table of Contents only
_uhttp://www.loc.gov/catdir/toc/onix05/99057472.html
856 4 2 _3Contributor biographical information
_uhttp://www.loc.gov/catdir/enhancements/fy0607/99057472-b.html
906 _a7
_bcbc
_corignew
_d1
_eocip
_f19
_gy-gencatlg
942 _2ddc
_cBOOKS
_n0
999 _c5235
_d5235